Statistics for General Knowledge Quiz #227

Click here to take the quiz!

General Stats

  • This quiz has been taken 30,029 times
  • The average score is 13 of 20

Answer Stats

QuestionAnswer% Correct
British people call it a lift. What do Americans call it?Elevator
92%
What billionaire has said that he wants to "die on Mars"?Elon Musk
91%
What prestigious chess title has only been awarded to about 2000 people in history?
Grandmaster
82%
What does the G stand for in G-force?Gravitational
82%
What country was the leader of the Eastern Bloc?Soviet Union
82%
What was the currency of France before it adopted the Euro?Franc
79%
Who has won 23 Olympic gold medals – more than anyone else in history?Michael Phelps
79%
What body part is only about 2% of a person's weight, but requires 20% of its caloric intake?Brain
78%
Which Formula One racing team is named after a beverage company?Red Bull
71%
What Miami-based DJ is known for shouting his own name as well as "we the best music"
on the tracks of popular songs?
DJ Khaled
63%
What instrument in a modern orchestra is most similar to a fife?Piccolo
62%
Who descended from a mountain only to discover that the people he led had started
worshiping a golden calf?
Moses
61%
Who was Dodi Al Fayed dating in 1997 at the time of his death?Princess Diana
61%
What is a common synonym of the word "enigma"?Riddle
61%
What is often described as the "fourth dimension" that humans can perceive –
in addition to the three spacial dimensions?
Time
55%
What "Footloose" actor has a last name which is a common food?Kevin Bacon
53%
What company introduced an 8 bit device in 1983, a 16 bit device in 1990,
and a 64 bit device in 1996?
Nintendo
50%
Who became famous for making jeweled eggs for the tsars of Russia?
Peter Carl
Fabergé
45%
What doesn't a country have during an interregnum?Monarch
43%
There are 26 companies in the Star Alliance. What industry are they part of?Airline
37%

Score Distribution

Percentile by Number Answered

Percent of People with Each Score

Your Score History

You have not taken this quiz